000 00651nam a2200205Ia 4500
003 GCL
008 140319s9999 xx 000 0 ara d
040 _aGCL /
_cGCL
082 0 4 _a309.212
_bع ت
100 1 _aعلى الكاشف
245 1 0 _aالتنمية الاجتماعية - المفاهيم والقضايا /
_cعلى الكاشف
260 _a[S.N] :
_bعالم الكتب الحديث ،
_c1985
300 _a196 ص
490 _a
650 0 4 _aالاحوال الاجتماعية
650 0 4 _aالتنمية الاجتماعية
650 0 4 _aالاجتماع
650 0 4 _aالتخطيط الاجتماعى
942 _2ddc
_cBK
999 _c33289
_d33289